| 000 | 00000nam##2200000za#4500 |
| 001 | 9.695884 |
| 003 | CaOODSP |
| 005 | 20210624234800 |
| 007 | cr ||||||||||| |
| 008 | 150407|1998||||xxc|||||o f|0| 0 eng|d |
| 040 | |aCaOODSP|beng |
| 043 | |an-cn--- |
| 086 | 1 |aNH15-114/1998E-PDF |
| 110 | 2 |aCanada Mortgage and Housing Corporation. |
| 245 | 10|aHomebuying step by step : |h[electronic resource]|ba consumer guide and workbook |
| 260 | |aOttawa - Ontario : |bCanada Mortgage and Housing Corporation |cc1998. |
| 300 | |a79p.|bfigs., graphs, tables |
| 500 | |a"Prev. publ. under title: The complete guide and workbook"--p. 2 of 79. - The catalogue number (NH15-144/1998E) and ISBN (0-662-26711-7) for the print edition have been incorrectly copied in this electronic publication. |
| 590 | |a12-29-Supp|b2012-06-25 |
| 775 | 08|tL'achat d'une maison : |w(CaOODSP)9.640004 |
| 776 | 0#|tHomebuying step by step : |w(CaOODSP)9.646901 |
| 856 | 40|ahttp://publications.gc.ca|qPDF|s1.15 MB|uhttps://publications.gc.ca/collections/Collection/NH15-114-1998E.pdf |